000
00307nam a2200109Ia 4500
008
220204s9999 xx 000 0 und d
082
_a
681.3(03)
_b
BIR
245
0
_a
McGraw hill personal computer programming encyclopedia
260
_a
New York
_b
McGraw Hill
_c
1985
700
_a
Birnes, William J
942
_c
BK
999
_c
39073
_d
39073